| 000 | 00475nam a22001937a 4500 | ||
|---|---|---|---|
| 003 | OSt | ||
| 005 | 20140310182827.0 | ||
| 008 | 130529t xxu||||| |||| 00| 0 eng d | ||
| 050 |
_aBT 732 _b.L778 1956 |
||
| 082 |
_aM 248.83 _bL72 1956 |
||
| 245 |
_aNervous Christians _cLittle, L. Gilbert |
||
| 260 |
_aChicago _bMoody Press _c1956 |
||
| 300 |
_a127 p. _c17 cm |
||
| 521 | _aCollege | ||
| 526 | _c1210L-1700L | ||
| 541 | _j1 | ||
| 562 | _e1 | ||
| 942 |
_2lcc _cBK _kM |
||
| 999 |
_c16519 _d16519 |
||